000
00310nam a22001337a 4500
020
_a
978-1-4739-1657-9
082
_a
004.42
100
_a
Silverman, David
245
_a
Qualitative Research
250
_a
4th
260
_a
London:
_b
SAGE Publication,
_c
2016
300
_a
xvii, 457p.: ill.; 23cm
942
_c
BK
999
_c
22218
_d
22218